[Event "SRI-ch"]
[Site "Colombo"]
[Date "2024.03.29"]
[Round "9"]
[White "Bandara, Dhanushka"]
[Black "Ahangama, Senuka Aswin"]
[Result "1-0"]
[WhiteElo "1883"]
[BlackElo "1752"]
[PlyCount "83"]
[EventDate "2024.03.22"]
[EventType "tourn"]
[EventRounds "13"]
[EventCountry "SRI"]
[SourceTitle "CB15_2024"]
[SourceDate "2024.04.10"]
[SourceVersion "1"]
[SourceVersionDate "2024.04.10"]
[SourceQuality "1"]

1. e4 c6 2. d4 d5 3. Nd2 dxe4 4. Nxe4 Nf6 5. Qd3 Nxe4 6. Qxe4 Nd7 7. c3 Nf6 8. Qc2 Bg4 9. f3 Bh5 10. Bd3 e6 11. Ne2 Bg6 12. Bg5 Be7 13. h4 Qa5 14. b4 Qc7 15. Bxf6 Bxf6 16. h5 Bxd3 17. Qxd3 a5 18. b5 c5 19. Qc4 0-0 20. Rd1 Rfd8 21. Qxc5 Qxc5 22. dxc5 Rxd1+ 23. Kxd1 Rc8 24. a4 Rxc5 25. Kc2 Kf8 26. g4 h6 27. Rd1 Ke7 28. Rd3 g6 29. Ng3 Be5 30. Ne4 Rd5 31. hxg6 Rxd3 32. Kxd3 fxg6 33. c4 h5 34. gxh5 gxh5 35. c5 h4 36. Nf2 Bg3 37. Nh3 Be1 38. Ng5 Bb4 39. Kd4 Kf6 40. Ne4+ Kf5 41. c6 bxc6 42. bxc6 1-0

[Event "SRI-ch"]
[Site "Colombo"]
[Date "2024.03.22"]
[Round "1"]
[White "Wijerathna, Vinuka Dihain"]
[Black "Bandara, Dhanushka"]
[Result "1/2-1/2"]
[WhiteElo "1744"]
[BlackElo "1883"]
[PlyCount "150"]
[EventDate "2024.03.22"]
[EventType "tourn"]
[EventRounds "13"]
[EventCountry "SRI"]
[SourceTitle "CB15_2024"]
[SourceDate "2024.04.10"]
[SourceVersion "1"]
[SourceVersionDate "2024.04.10"]
[SourceQuality "1"]

1. e4 c5 2. Nf3 d6 3. Bb5+ Nd7 4. 0-0 a6 5. Bd3 Ngf6 6. Re1 b5 7. c4 Ne5 8. Nxe5 dxe5 9. Qf3 b4 10. a3 e6 11. Bc2 bxa3 12. Rxa3 Bd6 13. Qh3 0-0 14. Rg3 Qa5 15. Ree3 Ne8 16. b3 Ra7 17. Rgf3 f6 18. Nc3 Qa1 19. Re1 Qa5 20. Bb2 g5 21. Ra1 Qd8 22. Nd1 Rg7 23. Ne3 Rg6 24. g4 Ng7 25. Qg2 h5 26. h3 Rh6 27. Rd1 hxg4 28. hxg4 Kf7 29. Kf1 Rfh8 30. Ke2 Bb7 31. Qg3 Ke7 32. Qg2 Rh2 33. Qg3 Qa8 34. Ra1 Rh1 35. Rxh1 Rxh1 36. Qg2 Qh8 37. Nf1 Qh7 38. Re3 Rh4 39. f3 Ne8 40. Qf2 Kf8 41. Rd3 Rh1 42. Rxd6 Nxd6 43. Qxc5 Qd7 44. Ba3 Ke7 45. Ng3 Rh2+ 46. Ke3 Qc6 47. Nh5 Qxc5+ 48. Bxc5 Bc6 49. Nxf6 Kxf6 50. Bxd6 Rh1 51. b4 Re1+ 52. Kf2 Ra1 53. Ke2 Ra2 54. Kd3 Ra3+ 55. Ke2 Ra1 56. Bd3 Rc1 57. b5 axb5 58. cxb5 Bb7 59. Ba3 Ra1 60. Bb2 Rh1 61. Bc3 Rh3 62. Ke3 Rh8 63. Bc4 Rb8 64. d4 exd4+ 65. Bxd4+ e5 66. Ba7 Ra8 67. b6 Rd8 68. Bd5 Rd7 69. Kd3 Rxd5+ 70. exd5 Bxd5 71. Ke3 Ke6 72. Bb8 Bb7 73. Bc7 Kf6 74. Bd8+ Kg6 75. Be7 Bc6 1/2-1/2

[Event "SRI-chB"]
[Site "Mount Lavinia"]
[Date "2022.03.16"]
[Round "2"]
[White "Jayanka, LPPR"]
[Black "Bandara, Dhanushka"]
[Result "0-1"]
[WhiteElo "1433"]
[BlackElo "1871"]
[PlyCount "35"]
[EventDate "2022.03.16"]
[EventType "swiss"]
[EventRounds "10"]
[EventCountry "SRI"]
[SourceTitle "EXT 2023"]
[Source "ChessBase"]
[SourceDate "2022.10.05"]
[SourceVersion "1"]
[SourceVersionDate "2022.10.05"]
[SourceQuality "1"]

1. d4 Nf6 2. Nf3 d5 3. c4 e6 4. a3 Be7 5. Nc3 0-0 6. e3 b6 7. Be2 Bb7 8. 0-0 dxc4 9. Bxc4 c5 10. Be2 Ne4 11. Nxe4 Bxe4 12. Bd2 Bf6 13. Bc3 Nc6 14. dxc5 Bxc3 15. bxc3 Qxd1 16. Re1 Qxa1 17. Rxa1 bxc5 18. Rd1 0-1

[Event "SRI-ch"]
[Site "Colombo"]
[Date "2020.09.20"]
[Round "11"]
[White "Bandara, Dhanushka"]
[Black "Liyanage, Ranindu Dilshan"]
[Result "0-1"]
[WhiteElo "1879"]
[BlackElo "2133"]
[PlyCount "101"]
[EventDate "2020.09.11"]
[EventType "tourn"]
[EventRounds "13"]
[EventCountry "SRI"]
[SourceTitle "CBM 198 Extra"]
[Source "ChessBase"]
[SourceDate "2020.11.30"]
[SourceVersion "1"]
[SourceVersionDate "2020.11.30"]
[SourceQuality "1"]

1. e4 e5 2. Nf3 Nc6 3. Bb5 a6 4. Ba4 Nf6 5. 0-0 b5 6. Bb3 Bc5 7. d3 0-0 8. c3 d6 9. h3 h6 10. Re1 Bb6 11. Nbd2 Re8 12. Nf1 d5 13. exd5 Nxd5 14. d4 e4 15. N3h2 Na5 16. Bxd5 Qxd5 17. Ne3 Qd6 18. Qh5 Bd7 19. Nhg4 Nc6 20. Nf5 Bxf5 21. Qxf5 Ne7 22. Qf4 Qxf4 23. Bxf4 Ng6 24. Bh2 c5 25. dxc5 Bxc5 26. Ne3 Rad8 27. Rad1 Bxe3 28. fxe3 Nf8 29. Bc7 Rc8 30. Ba5 Ne6 31. Rd6 Nc5 32. Red1 Nd3 33. b3 Re6 34. Rd4 f5 35. g3 Rf8 36. Rd8 Rxd8 37. Bxd8 g5 38. Kh2 Rd6 39. Ba5 Kh7 40. Bc7 Rc6 41. Ba5 Kg6 42. Kg2 f4 43. gxf4 gxf4 44. exf4 Kf5 45. Rf1 Rg6+ 46. Kh2 e3 47. c4 e2 48. Rf3 b4 49. Rxd3 e1Q 50. Rd5+ Kf6 51. Bd8+ 0-1

[Event "SRI-ch"]
[Site "Colombo"]
[Date "2020.09.12"]
[Round "2"]
[White "Weerawardane, Romesh"]
[Black "Bandara, Dhanushka"]
[Result "1-0"]
[WhiteElo "1995"]
[BlackElo "1879"]
[PlyCount "89"]
[EventDate "2020.09.11"]
[EventType "tourn"]
[EventRounds "13"]
[EventCountry "SRI"]
[SourceTitle "CBM 198 Extra"]
[Source "ChessBase"]
[SourceDate "2020.11.30"]
[SourceVersion "1"]
[SourceVersionDate "2020.11.30"]
[SourceQuality "1"]

1. e4 c6 2. d4 d5 3. e5 Bf5 4. Nf3 e6 5. Be2 h6 6. 0-0 Be7 7. Nbd2 Nd7 8. Nb3 h5 9. Ne1 h4 10. Be3 Bg5 11. Qd2 Bxe3 12. Qxe3 Nh6 13. Rc1 Qe7 14. Nd3 a5 15. a4 g5 16. Qd2 b6 17. c4 dxc4 18. Rxc4 Be4 19. f3 Bd5 20. Rc3 f5 21. exf6 Qxf6 22. Nf2 Qf4 23. Qc2 Nf5 24. Bc4 Bxc4 25. Rxc4 Ne3 26. Qe2 Nxc4 27. Qxe6+ Kd8 28. Qxc4 Kc7 29. Rc1 Rh6 30. Ng4 Rd6 31. Re1 h3 32. Re7 Kb7 33. Rf7 Rf8 34. Rxf4 Rxf4 35. Qg8 hxg2 36. Kxg2 Rf5 37. Qh7 Rf8 38. Qe7 Kc7 39. Ne5 Rg8 40. Kg3 Ra8 41. h3 Rg8 42. Nd2 Rxd4 43. Ne4 Ra8 44. Nf6 Rd8 45. Nxc6 1-0

[Event "SRI-chB"]
[Site "Maharaga"]
[Date "2020.03.08"]
[Round "5.5"]
[White "Bandara, Dhanushka"]
[Black "Silva, Kevin Ranidu"]
[Result "1-0"]
[WhiteElo "1837"]
[BlackElo "1964"]
[PlyCount "85"]
[EventDate "2020.03.06"]
[EventType "swiss"]
[EventRounds "11"]
[EventCountry "SRI"]
[SourceTitle "CBM 195 Extra"]
[Source "ChessBase"]
[SourceDate "2020.05.31"]
[SourceVersion "1"]
[SourceVersionDate "2020.05.31"]
[SourceQuality "1"]

1. e4 c5 2. Nf3 d6 3. Nc3 Nf6 4. d4 cxd4 5. Nxd4 a6 6. Be2 e5 7. Nb3 Be6 8. 0-0 Be7 9. f4 Qc7 10. Be3 Nbd7 11. Kh1 b5 12. a3 Nb6 13. f5 Bc4 14. Nd2 Rc8 15. Nxc4 Nxc4 16. Bc1 Qb7 17. Qd3 h6 18. Qg3 Kf8 19. Bd3 Rc7 20. Re1 Bd8 21. b3 Nb6 22. Bb2 Re7 23. Rad1 Bc7 24. Qh4 Nbd7 25. Be2 Nc5 26. Bf3 Re8 27. Nd5 Nxd5 28. Rxd5 Bd8 29. Qf2 Qc6 30. Red1 Nb7 31. Bc1 Be7 32. Be3 Rc8 33. Rc1 Bd8 34. c4 Na5 35. cxb5 Qb7 36. Rxc8 Qxc8 37. Rxd6 axb5 38. Qd2 Be7 39. Rd3 Nb7 40. Rc3 Qa8 41. Qd7 Nd8 42. Rc8 Qa5 43. b4 1-0